Sports Quiz

Random Sports or Football Quiz

Scottish Football League Teams Quiz Stats

Quiz not verified by Sporcle

Challenge
Share
Tweet
Embed
Score 0/30 Timer 05:00
0 Plays Today
% Correct
Dundee
81.7%
Queen of the South
67.1%
Queen's Park
65.9%
East Fife
65.9%
Inverness Caledonian Thistle
63.4%
Partick Thistle
62.2%
Raith Rovers
61%
Livingston
58.5%
Ayr United
58.5%
Dunfermline
58.5%
East Stirlingshire
57.3%
Cowdenbeath
57.3%
Montrose
56.1%
Stirling Albion
56.1%
Annan Athletic
54.9%
% Correct
Ross County
54.9%
Elgin City
53.7%
Berwick Rangers
53.7%
Peterhead
53.7%
Albion Rovers
52.4%
Clyde
52.4%
Arbroath
52.4%
Airdrie United
52.4%
Stenhousemuir
51.2%
Forfar Athletic
50%
Alloa Athletic
48.8%
Greenock Morton
47.6%
Dumbarton
46.3%
Brechin City
46.3%
Stranraer
45.1%

You're not logged in!

Compare scores with friends on all Sporcle quizzes.
Sign Up with Email
OR
Log In

You Might Also Like...

Show Comments

Extras

Top Quizzes Today


Score Distribution

Your Account Isn't Verified!

In order to create a playlist on Sporcle, you need to verify the email address you used during registration. Go to your Sporcle Settings to finish the process.